Obstacles to change in Latin America

保存先:
書誌詳細
第一著者: Véliz, Claudio (著者)
フォーマット: 図書
言語:英語
出版事項: Londres Oxford University 1965
主題:
タグ: タグ追加
タグなし, このレコードへの初めてのタグを付けませんか!

MARC

LEADER 00000nam a2200000 a 4500
001 UCT6295
003 CL-VaPUC
008 970106e19650000UK |||||||||||||||||eng|d
082 0 4 |a 303.482  |b VEL  |2 21 
100 0 |a Véliz, Claudio  |e author  |9 376294 
245 1 0 |a Obstacles to change in Latin America 
300 |a 263 p 
942 |c BK 
945 |d 19970106 00:00:00  |a paguirre 
260 |a Londres  |b Oxford University  |c 1965 
650 0 |a Cambio social   |9 256857 
650 0 |a Sociedad  |9 307903 
650 0 |a Sociología   |9 255410 
650 0 |a Política  |9 255312 
650 0 |a Desarrollo político  |9 323087 
650 0 |a Desarrollo económico y social   |9 256320 
650 0 |a Violencia  |9 255411 
650 0 |a Procesos sociales  |9 337802 
651 0 |a América Latina   |9 255027 
651 7 |a CHILE  |2 CL-VaPUC  |9 376295 
651 0 |a Brasil  |9 267393 
651 0 |a Colombia  |9 256424 
651 0 |a México  |9 255269 
583 |a last modification  |c 19970106 00:00:00  |k Rodrigo Vera 
999 |c 255010  |d 255008 
952 |0 0  |1 0  |4 0  |6 303_482000000000000_VEL_1965  |7 0  |8 P  |9 277036  |a BIBDER  |b BIBDER  |d 2019-11-19  |i 1801503  |o 303.482 VEL 1965  |p 1801503  |r 2023-01-25  |w 2019-11-19  |y BK  |k DER 
952 |0 0  |1 0  |4 0  |6 303_482000000000000_VEL_1965  |7 0  |8 A  |9 277037  |a BIBHIS  |b BIBHIS  |d 2019-11-19  |i 4643747  |o 303.482 VEL 1965  |p 4643747  |r 2025-01-20  |w 2019-11-19  |y BK  |k HIS